Jornadas Internacionales de Avances en Endocrinología Pediátrica / (Record no. 9378)

MARC details
000 -LEADER
campo de control de longitud fija 01012nam a2200277 i 4500
001 - NÚMERO DE CONTROL
campo de control 9378
003 - IDENTIFICADOR DE NÚMERO DE CONTROL
campo de control ES-MaACL
005 - FECHA Y HORA DE LA ÚLTIMA TRANSACCIÓN
campo de control 20230906145648.0
007 - CAMPO FIJO DE DESCRIPCIÓN FÍSICA--INFORMACIÓN GENERAL
campo de control de longitud fija t|
008 - DATOS DE LONGITUD FIJA--INFORMACIÓN GENERAL
campo de control de longitud fija 930818s1986 sp ||||1| spa d
020 ## - NÚMERO INTERNACIONAL ESTÁNDAR DEL LIBRO
Número Internacional Estándar del Libro 84-398-7305-0
080 ## - NÚMERO DE LA CLASIFICACIÓN DECIMAL UNIVERSAL
Número de la Clasificación Decimal Universal 616.4-053.2(063)
111 2# - ENTRADA PRINCIPAL--NOMBRE DE CONGRESO/REUNIÓN
Nombre de congreso/reunión o jurisdicción como elemento de entrada Jornadas Internacionales de Avances en Endocrinología Pediátrica (
Fecha del congreso o de la firma del tratado 1986)
9 (RLIN) 829
245 10 - MENCIÓN DEL TÍTULO
Título Jornadas Internacionales de Avances en Endocrinología Pediátrica /
Mención de responsabilidad, etc. Raquel Barrio Castellanos...[et al.].
260 ## - PUBLICACIÓN, DISTRIBUCIÓN, ETC.
Lugar de publicación, distribución, etc. [Madrid :
Nombre del editor, distribuidor, etc. Fundación Valgrande],
Fecha de publicación, distribución, etc. D.L. 1986.
300 ## - DESCRIPCIÓN FÍSICA
Extensión 138 p. :
Otras características físicas il., gráf. ;
Dimensiones 24 cm.
490 1# - MENCIÓN DE SERIE
Mención de serie Serie científica ;
Designación de volumen o secuencia 4
500 ## - NOTA GENERAL
Nota general Tit. de la cub.: Endocrinología pediátrica.
500 ## - NOTA GENERAL
Nota general Bibliografía.
650 #4 - PUNTO DE ACCESO ADICIONAL DE MATERIA--TÉRMINO DE MATERIA
Término de materia o nombre geográfico como elemento de entrada Endocrinología pediátrica-
Subdivisión general Congresos y asambleas.
9 (RLIN) 12249
700 1# - ENTRADA AGREGADA--NOMBRE PERSONAL
Nombre de persona Barrio Castellanos, Raquel.
9 (RLIN) 26001
710 2# - ENTRADA AGREGADA--NOMBRE DE ENTIDAD CORPORATIVA
Nombre de entidad corporativa o nombre de jurisdicción como elemento de entrada Fundación Valgrande.
9 (RLIN) 4430
830 0# - PUNTO DE ACCESO ADICIONAL DE SERIE-TÍTULO UNIFORME
Título uniforme Serie científica ;
Designación de volumen o secuencia 4
9 (RLIN) 178461
852 ## - LOCALIZACIÓN
Ubicación ES-MaACL
Número de control de estantería L-16811
Sublocalización o colección R.118244
Holdings
Estatus retirado Estado de pérdida Estado de daño No para préstamo Biblioteca de origen Biblioteca actual Ubicación en estantería Fecha de adquisición Fuente de adquisición Total de préstamos Signatura topográfica completa Código de barras Visto por última vez Precio de reemplazo Tipo de ítem Koha
        Biblioteca del Ateneo de Madrid Biblioteca del Ateneo de Madrid Depósito 2 17/01/2008     L-16811 1009570 23/02/2023 23/02/2023 Libro impreso